[Event "Mittelfranken-chTB2a 1920"]
[Site "Mittelfranken"]
[Date "2020.02.16"]
[Round "6.2"]
[White "Strnad, Alfred"]
[Black "Winter, Gerhard"]
[Result "0-1"]
[WhiteElo "1818"]
[BlackElo "1814"]
[PlyCount "114"]
[EventDate "2019.10.13"]
[EventType "team-tourn"]
[EventRounds "9"]
[EventCountry "GER"]
[SourceTitle "EXT 2023"]
[Source "ChessBase"]
[SourceDate "2022.10.05"]
[SourceVersion "1"]
[SourceVersionDate "2022.10.05"]
[SourceQuality "1"]
[WhiteTeam "Heideck/Hilpoltstein II"]
[BlackTeam "Rothenburg II"]
[WhiteTeamCountry "GER"]
[BlackTeamCountry "GER"]

1. d4 Nf6 2. c4 e6 3. Nc3 d5 4. cxd5 exd5 5. Bg5 Be7 6. e3 0-0 7. Bd3 b6 8. Nf3 Bb7 9. 0-0 Nbd7 10. a3 c5 11. Re1 Ne4 12. Bxe7 Qxe7 13. Ne2 f5 14. Rc1 c4 15. Bb1 b5 16. Nc3 a6 17. Qe2 Rab8 18. Nd2 Nxc3 19. Rxc3 a5 20. g4 Qg5 21. Kh1 fxg4 22. Rg1 Nf6 23. f3 b4 24. axb4 axb4 25. Rcc1 Rbe8 26. f4 Qxf4 27. Rg3 h5 28. Rf1 Qh6 29. h4 Re7 30. Rf5 Rfe8 31. Nf1 Ne4 32. Rg2 c3 33. Bxe4 Rxe4 34. bxc3 bxc3 35. Qb5 Qc6 36. Qxc6 Bxc6 37. Rc2 Bb5 38. Kg2 Bxf1+ 39. Kxf1 Rxe3 40. Rxd5 Rf8+ 41. Rf2 Rxf2+ 42. Kxf2 c2 43. Rc5 Rd3 44. Rxc2 Rxd4 45. Rc5 g6 46. Ke3 Ra4 47. Rc7 Ra5 48. Kf4 Rf5+ 49. Ke4 Rf7 50. Rc2 Kg7 51. Ra2 Kh6 52. Ra6 Kg7 53. Ke5 g5 54. hxg5 g3 55. g6 Rf2 56. Ra7+ Kxg6 57. Ra6+ Kg5 0-1

[Event "Mittelfranken-chTB2a 1819"]
[Site "Mittelfranken"]
[Date "2018.12.02"]
[Round "3.4"]
[White "Ackermann, Klaus"]
[Black "Winter, Gerhard"]
[Result "1/2-1/2"]
[WhiteElo "1810"]
[BlackElo "1800"]
[PlyCount "98"]
[EventDate "2018.10.14"]
[EventType "team-tourn"]
[EventRounds "9"]
[EventCountry "GER"]
[SourceTitle "EXT 2022"]
[Source "ChessBase"]
[SourceDate "2021.10.06"]
[SourceVersion "1"]
[SourceVersionDate "2021.10.06"]
[SourceQuality "1"]
[WhiteTeam "Bubenreuth"]
[BlackTeam "Rothenburg II"]
[WhiteTeamCountry "GER"]
[BlackTeamCountry "GER"]

1. d4 Nf6 2. c4 e6 3. Nf3 d5 4. Nc3 Be7 5. Bg5 0-0 6. e3 h6 7. Bh4 b6 8. cxd5 Nxd5 9. Bxe7 Qxe7 10. Nxd5 exd5 11. Be2 Bf5 12. 0-0 Nd7 13. Rc1 Nf6 14. Ne5 c5 15. Ng4 Nxg4 16. Bxg4 Bxg4 17. Qxg4 c4 18. Qf3 Rfd8 19. Rfe1 b5 20. e4 dxe4 21. Rxe4 Qd7 22. Rce1 Re8 23. h3 b4 24. d5 Rac8 25. Rxe8+ Rxe8 26. Rxe8+ Qxe8 27. d6 Qe1+ 28. Kh2 Qe5+ 29. Qg3 Qd5 30. d7 Qxd7 31. Qb8+ Kh7 32. Qxb4 Qd4 33. Kg1 Qd3 34. a3 Qd5 35. Qc3 a5 36. f3 f5 37. f4 Qd1+ 38. Kf2 Qd5 39. Qe5 Qd2+ 40. Kf3 Qd3+ 41. Kf2 a4 42. Qc3 Qe4 43. Qe3 Qc2+ 44. Qe2 Qb3 45. Qd2 Qb6+ 46. Kf1 Qb3 47. Kf2 Qb6+ 48. Kf1 Qb3 49. Qc3 Qd1+ 1/2-1/2

[Event "Mittelfranken-chTB2a 1819"]
[Site "Mittelfranken"]
[Date "2018.11.04"]
[Round "2.4"]
[White "Winter, Gerhard"]
[Black "Kraus, Sebastian"]
[Result "0-1"]
[WhiteElo "1800"]
[BlackElo "1959"]
[PlyCount "118"]
[EventDate "2018.10.14"]
[EventType "team-tourn"]
[EventRounds "9"]
[EventCountry "GER"]
[SourceTitle "EXT 2022"]
[Source "ChessBase"]
[SourceDate "2021.10.06"]
[SourceVersion "1"]
[SourceVersionDate "2021.10.06"]
[SourceQuality "1"]
[WhiteTeam "Rothenburg II"]
[BlackTeam "Jaecklechemie SC"]
[WhiteTeamCountry "GER"]
[BlackTeamCountry "GER"]

1. e4 e5 2. Nf3 Nc6 3. Bb5 a6 4. Ba4 Nf6 5. 0-0 Be7 6. Re1 b5 7. Bb3 0-0 8. c3 d6 9. h3 Nb8 10. d4 Nbd7 11. Nbd2 Bb7 12. Bc2 Re8 13. b4 Bf8 14. a4 g6 15. Bd3 exd4 16. cxd4 Bg7 17. Bb2 Re7 18. axb5 axb5 19. d5 Nxd5 20. Bxg7 Nxb4 21. Bxb5 Kxg7 22. Qb3 c5 23. Rxa8 Bxa8 24. Qc3+ f6 25. Bc4 Bc6 26. g4 Ne5 27. g5 Ra7 28. Nxe5 fxe5 29. f4 Be8 30. Nf3 Nc6 31. Bd5 Nd4 32. fxe5 Nxf3+ 33. Qxf3 Qxg5+ 34. Kh1 dxe5 35. Rf1 Qe7 36. Rf2 Ra6 37. Qc3 Rf6 38. Rxf6 Kxf6 39. Qf3+ Kg7 40. Qc3 Bf7 41. Qc4 Bxd5 42. Qxd5 Qc7 43. Qc4 Qd6 44. Kh2 Qd2+ 45. Kg3 Qe3+ 46. Kh2 Qd4 47. Qe6 Qxe4 48. Qe7+ Kh6 49. Qxc5 Qf4+ 50. Kg2 e4 51. Qe7 e3 52. h4 g5 53. Qe6+ Kh5 54. hxg5 Qg4+ 55. Qxg4+ Kxg4 56. Kg1 Kg3 57. Kf1 Kf3 58. Ke1 e2 59. g6 hxg6 0-1

[Event "Mittelfranken-chTB2a 1819"]
[Site "Mittelfranken"]
[Date "2018.10.14"]
[Round "1.4"]
[White "Dittmar, Thomas"]
[Black "Winter, Gerhard"]
[Result "1/2-1/2"]
[WhiteElo "1855"]
[BlackElo "1800"]
[PlyCount "33"]
[EventDate "2018.10.14"]
[EventType "team-tourn"]
[EventRounds "9"]
[EventCountry "GER"]
[SourceTitle "EXT 2022"]
[Source "ChessBase"]
[SourceDate "2021.10.06"]
[SourceVersion "1"]
[SourceVersionDate "2021.10.06"]
[SourceQuality "1"]
[WhiteTeam "Fuerth SF"]
[BlackTeam "Rothenburg II"]
[WhiteTeamCountry "GER"]
[BlackTeamCountry "GER"]

1. d4 Nf6 2. Nf3 e6 3. c4 d5 4. Nc3 Be7 5. Qc2 0-0 6. Bg5 h6 7. Bh4 b6 8. cxd5 Nxd5 9. Bxe7 Qxe7 10. Nxd5 exd5 11. e3 c5 12. Be2 Bb7 13. 0-0 Nd7 14. Bb5 Nf6 15. Qf5 c4 16. Ba4 Qe4 17. Bc2 1/2-1/2

[Event "Mittelfranken-chTB2a 1718"]
[Site "Mittelfranken"]
[Date "2018.02.18"]
[Round "5.3"]
[White "Winter, Gerhard"]
[Black "Horneber, Thomas"]
[Result "0-1"]
[WhiteElo "1828"]
[BlackElo "1867"]
[PlyCount "112"]
[EventDate "2017.10.08"]
[EventType "team-tourn"]
[EventRounds "9"]
[EventCountry "GER"]
[SourceTitle "EXT 2022"]
[Source "ChessBase"]
[SourceDate "2021.10.06"]
[SourceVersion "1"]
[SourceVersionDate "2021.10.06"]
[SourceQuality "1"]
[WhiteTeam "Rothenburg II"]
[BlackTeam "Heilsbronn"]
[WhiteTeamCountry "GER"]
[BlackTeamCountry "GER"]

1. e4 e6 2. d4 d5 3. Nd2 dxe4 4. Nxe4 Bd7 5. Nf3 Bc6 6. Bd3 Nd7 7. 0-0 Ngf6 8. Nxf6+ Nxf6 9. Ne5 Qd5 10. Nxc6 Qxc6 11. Qe2 Qd7 12. Bf4 Be7 13. Rfd1 0-0 14. Be5 Rad8 15. c3 Qc8 16. Qf3 c6 17. Qh3 g6 18. g4 Ne8 19. Re1 Bf6 20. Re3 Bg7 21. Bxg7 Kxg7 22. g5 Rh8 23. Qh6+ Kg8 24. Rae1 Ng7 25. Rf3 Rd5 26. Qh4 Qd8 27. Re5 Rxe5 28. dxe5 Qd5 29. Qf4 Nf5 30. Bc4 Qd1+ 31. Kg2 Qd8 32. Rd3 Qe7 33. Qd2 Qc7 34. f4 Kg7 35. Rd7 Ne3+ 36. Kh1 Nxc4 37. Qd4 Qc8 38. f5 gxf5 39. b3 Nb6 40. Rd6 h5 41. c4 h4 42. a4 c5 43. Qd2 Qc7 44. a5 Nc8 45. Rd7 Qxe5 46. h3 Re8 47. g6 Qe4+ 48. Kh2 Kxg6 49. Qf2 Kf6 50. Qg1 Qf4+ 51. Kh1 Qf3+ 52. Kh2 Qg3+ 53. Qxg3 hxg3+ 54. Kxg3 Re7 55. Rd8 Rc7 56. Kf3 Ne7 0-1

[Event "Mittelfranken-chTB2a 1718"]
[Site "Mittelfranken"]
[Date "2017.10.08"]
[Round "1.2"]
[White "Merz, Andreas"]
[Black "Winter, Gerhard"]
[Result "0-1"]
[WhiteElo "1874"]
[BlackElo "1828"]
[PlyCount "158"]
[EventDate "2017.10.08"]
[EventType "team-tourn"]
[EventRounds "9"]
[EventCountry "GER"]
[SourceTitle "EXT 2022"]
[Source "ChessBase"]
[SourceDate "2021.10.06"]
[SourceVersion "1"]
[SourceVersionDate "2021.10.06"]
[SourceQuality "1"]
[WhiteTeam "Treuchtlingen/Wet SG"]
[BlackTeam "Rothenburg II"]
[WhiteTeamCountry "GER"]
[BlackTeamCountry "GER"]

1. e4 c5 2. Nf3 d6 3. d4 cxd4 4. Nxd4 Nf6 5. Nc3 a6 6. Be2 e5 7. Nf3 Be7 8. Bg5 Be6 9. Qd2 Nbd7 10. h3 Rc8 11. 0-0 0-0 12. Rfd1 Bc4 13. Bxc4 Rxc4 14. Qe2 Qc7 15. Nd2 Rc6 16. Nf1 b5 17. a3 Nb6 18. Ne3 Rc8 19. Rd2 Rxc3 20. bxc3 Nxe4 21. Bxe7 Nxd2 22. Qxd2 Qxe7 23. Rd1 Rd8 24. Nf5 Qe6 25. Qg5 Qf6 26. Qxf6 gxf6 27. Rxd6 Rxd6 28. Nxd6 Kf8 29. f4 Ke7 30. Ne4 Nc4 31. Nc5 Nxa3 32. Nxa6 Nxc2 33. Kf2 Kd6 34. Ke2 e4 35. Kd2 Na3 36. g4 Nc4+ 37. Ke2 Nb2 38. Ke3 Nd1+ 39. Kd2 Nf2 40. Ke3 Nxh3 41. Kxe4 Nf2+ 42. Kf5 Nd1 43. Kxf6 Nxc3 44. Kxf7 Nd5 45. f5 Ne3 46. Kg7 Nxg4 47. Kxh7 Ke5 48. Kg6 Nf6 49. Kg5 Ne4+ 50. Kg6 Nf6 51. Kg5 Ng8 52. Kg6 Ne7+ 53. Kf7 Nxf5 54. Ke8 Kd6 55. Kd8 Nd4 56. Kc8 Kc6 57. Kb8 Kb6 58. Nc7 Nc6+ 59. Kc8 Ne7+ 60. Kd7 b4 61. Ne6 Nf5 62. Nf4 Kb5 63. Ke6 Ne3 64. Ke5 Kc4 65. Ke4 Nd1 66. Nd3 b3 67. Ne5+ Kc3 68. Nd3 Kc4 69. Ne5+ Kc3 70. Nd3 Kd2 71. Kd4 Nf2 72. Kc4 Kc2 73. Ne1+ Kb2 74. Nf3 Ka2 75. Nd2 b2 76. Kd4 Ng4 77. Ke4 Nh2 78. Kd3 Nf3 79. Ne4 b1Q+ 0-1

[Event "Mittelfranken-chTB2a 1617"]
[Site "Mittelfranken"]
[Date "2017.05.14"]
[Round "9.3"]
[White "Winter, Gerhard"]
[Black "Veh Hoelzlein, Michael"]
[Result "1-0"]
[WhiteElo "1827"]
[BlackElo "1962"]
[PlyCount "86"]
[EventDate "2016.10.23"]
[EventType "team-tourn"]
[EventRounds "9"]
[EventCountry "GER"]
[SourceTitle "EXT 2022"]
[Source "ChessBase"]
[SourceDate "2021.10.06"]
[SourceVersion "1"]
[SourceVersionDate "2021.10.06"]
[SourceQuality "1"]
[WhiteTeam "Rothenburg II"]
[BlackTeam "Cadolzburg"]
[WhiteTeamCountry "GER"]
[BlackTeamCountry "GER"]

1. e4 e6 2. d4 d5 3. Nd2 Nf6 4. e5 Nfd7 5. Ndf3 c5 6. c3 Nc6 7. Bd3 Qb6 8. Ne2 cxd4 9. cxd4 f6 10. exf6 Nxf6 11. 0-0 Bd6 12. Re1 0-0 13. Nc3 Bd7 14. a3 Rae8 15. Bg5 Kh8 16. Bc2 Re7 17. Qd3 Be8 18. Qd2 Bh5 19. Bxf6 Rxf6 20. Qd3 Bg6 21. Qd2 Bxc2 22. Qxc2 Rxf3 23. gxf3 Nxd4 24. Qd3 Rf7 25. Re3 e5 26. Nxd5 Qc6 27. Qe4 Qd7 28. f4 Nc6 29. fxe5 Bxe5 30. Rc1 h6 31. b4 Qd6 32. Rc5 Bxh2+ 33. Kf1 Bg3 34. Rf3 Rxf3 35. Qxf3 Be5 36. Ne3 Nd4 37. Qe4 Nc6 38. Rd5 Qe6 39. b5 Qh3+ 40. Qg2 Qe6 41. bxc6 bxc6 42. Rd8+ Kh7 43. Qe4+ g6 1-0

[Event "Mittelfranken-chTB2a 1516"]
[Site "Mittelfranken"]
[Date "2015.11.08"]
[Round "2.5"]
[White "Bala, Claudiu"]
[Black "Winter, Gerhard"]
[Result "1/2-1/2"]
[WhiteElo "1719"]
[BlackElo "1824"]
[PlyCount "47"]
[EventDate "2015.10.18"]
[EventType "team-tourn"]
[EventRounds "9"]
[EventCountry "GER"]
[SourceTitle "EXT 2020"]
[Source "ChessBase"]
[SourceDate "2019.10.17"]
[SourceVersion "1"]
[SourceVersionDate "2019.10.17"]
[SourceQuality "1"]
[WhiteTeam "Nuernberg Sued SW IV"]
[BlackTeam "Rothenburg II"]
[WhiteTeamCountry "GER"]
[BlackTeamCountry "GER"]

1. e4 c5 2. Nf3 d6 3. d4 cxd4 4. Qxd4 Nc6 5. Bb5 Bd7 6. Bxc6 Bxc6 7. 0-0 Nf6 8. Re1 g6 9. c4 Bg7 10. Nc3 0-0 11. Qd3 Rc8 12. Bg5 a6 13. Rad1 Qa5 14. a3 b5 15. cxb5 axb5 16. Nd4 b4 17. Nxc6 Rxc6 18. Nd5 Nxd5 19. exd5 Rb6 20. Bxe7 Ra8 21. axb4 Qxb4 22. Rb1 Rab8 23. Re4 Qb5 24. Qd2 1/2-1/2

[Event "Mittelfranken-chTB2a 1415"]
[Site "Mittelfranken"]
[Date "2015.01.25"]
[Round "5.6"]
[White "Alsheimer, Lea"]
[Black "Winter, Gerhard"]
[Result "1/2-1/2"]
[WhiteElo "1642"]
[BlackElo "1824"]
[PlyCount "115"]
[EventDate "2014.09.28"]
[EventType "team-tourn"]
[EventRounds "9"]
[EventCountry "GER"]
[SourceTitle "EXT 2020"]
[Source "ChessBase"]
[SourceDate "2019.10.17"]
[SourceVersion "1"]
[SourceVersionDate "2019.10.17"]
[SourceQuality "1"]
[WhiteTeam "Bechhofen II"]
[BlackTeam "Rothenburg"]
[WhiteTeamCountry "GER"]
[BlackTeamCountry "GER"]

1. e4 c5 2. f4 e6 3. Nc3 d5 4. Bb5+ Bd7 5. Bxd7+ Qxd7 6. exd5 exd5 7. d4 Nf6 8. Nf3 Nc6 9. Qe2+ Be7 10. dxc5 0-0 11. Be3 Rfe8 12. Ne5 Nxe5 13. fxe5 Ng4 14. 0-0-0 Nxe3 15. Qxe3 Qg4 16. Kb1 b6 17. h3 Qc4 18. cxb6 Bc5 19. Qd3 axb6 20. Qxd5 Qa6 21. Rhe1 Bb4 22. Re3 Bxc3 23. Rxc3 Qa5 24. Qxa5 Rxa5 25. Re3 f6 26. e6 Rg5 27. g4 Re5 28. Rxe5 fxe5 29. Rd6 b5 30. Kc1 g6 31. Kd2 Kg7 32. Ke3 Kf6 33. Ke4 Rc8 34. c3 Rc4+ 35. Kd3 Rf4 36. Ke3 b4 37. cxb4 Rxb4 38. b3 h5 39. gxh5 gxh5 40. Kf3 Ke7 41. Rc6 Rh4 42. Kg3 Rd4 43. Rc4 Rd2 44. Ra4 Kxe6 45. h4 Rd3+ 46. Kf2 Kf5 47. Ke2 Rh3 48. Kf2 e4 49. Ra5+ Kg4 50. Re5 Kf4 51. Rxh5 Rh2+ 52. Ke1 Rxa2 53. Rb5 Ke3 54. Kf1 Kf3 55. Rf5+ Kg4 56. Re5 Kf3 57. Rf5+ Kg4 58. Re5 1/2-1/2

[Event "Mittelfranken-chTB2a 1415"]
[Site "Mittelfranken"]
[Date "2014.10.12"]
[Round "2.6"]
[White "Winter, Gerhard"]
[Black "Golziow, Manfred"]
[Result "1/2-1/2"]
[WhiteElo "1824"]
[BlackElo "1771"]
[PlyCount "31"]
[EventDate "2014.09.28"]
[EventType "team-tourn"]
[EventRounds "9"]
[EventCountry "GER"]
[SourceTitle "EXT 2020"]
[Source "ChessBase"]
[SourceDate "2019.10.17"]
[SourceVersion "1"]
[SourceVersionDate "2019.10.17"]
[SourceQuality "1"]
[WhiteTeam "Rothenburg"]
[BlackTeam "Anderssen/78 Nuernberg"]
[WhiteTeamCountry "GER"]
[BlackTeamCountry "GER"]

1. e4 c5 2. Nf3 d6 3. d4 cxd4 4. Nxd4 Nf6 5. Nc3 g6 6. Be3 Bg7 7. f3 0-0 8. Bc4 Nc6 9. Qd2 Nd7 10. 0-0-0 Nb6 11. Bb3 Na5 12. Bh6 Nbc4 13. Bxc4 Nxc4 14. Qg5 Qa5 15. Nb3 Qxg5+ 16. Bxg5 1/2-1/2

[Event "Mittelfranken-chTB2a 1314"]
[Site "Mittelfranken"]
[Date "2014.02.16"]
[Round "6.8"]
[White "Winter, Gerhard"]
[Black "Alsheimer, Lea"]
[Result "1-0"]
[WhiteElo "1824"]
[BlackElo "1642"]
[PlyCount "97"]
[EventDate "2013.10.20"]
[EventType "team-tourn"]
[EventRounds "9"]
[EventCountry "GER"]
[SourceTitle "EXT 2020"]
[Source "ChessBase"]
[SourceDate "2019.10.17"]
[SourceVersion "1"]
[SourceVersionDate "2019.10.17"]
[SourceQuality "1"]
[WhiteTeam "Rothenburg"]
[BlackTeam "Bechhofen II"]
[WhiteTeamCountry "GER"]
[BlackTeamCountry "GER"]

1. e4 e6 2. d4 d5 3. Nd2 Nf6 4. e5 Nfd7 5. c3 c5 6. Bd3 b5 7. Ne2 Qb6 8. Nf3 Nc6 9. 0-0 a5 10. Be3 Be7 11. Qd2 Ba6 12. a3 c4 13. Bc2 b4 14. axb4 axb4 15. Bg5 b3 16. Bxe7 Nxe7 17. Bb1 0-0 18. Qg5 Rfe8 19. Bxh7+ Kxh7 20. Qh5+ Kg8 21. Ng5 Nf8 22. Qxf7+ Kh8 23. Qh5+ Kg8 24. Qf7+ Kh8 25. f4 Nf5 26. Rf3 Qb7 27. Rh3+ Nh6 28. Qh5 Kg8 29. g4 Qc8 30. Ng3 Bb7 31. Rf1 Re7 32. f5 Qe8 33. Qh4 exf5 34. gxf5 Ng6 35. fxg6 Bc8 36. Nf5 Bxf5 37. Rxf5 Qxg6 38. Rf2 Ra1+ 39. Kg2 Qb1 40. Rhf3 Re8 41. Qf4 Raa8 42. h4 Qg6 43. Qg3 Ra6 44. Kh2 Qh5 45. Kh3 Qg6 46. Rf4 Qh5 47. Qg2 Qd1 48. Qxd5+ Kh8 49. Rf8+ 1-0

[Event "Mittelfranken-chTB2a 1314"]
[Site "Mittelfranken"]
[Date "2014.01.26"]
[Round "5.7"]
[White "Winter, Gerhard"]
[Black "Leuschner, Guenter"]
[Result "0-1"]
[WhiteElo "1824"]
[BlackElo "1702"]
[PlyCount "154"]
[EventDate "2013.10.20"]
[EventType "team-tourn"]
[EventRounds "9"]
[EventCountry "GER"]
[SourceTitle "EXT 2020"]
[Source "ChessBase"]
[SourceDate "2019.10.17"]
[SourceVersion "1"]
[SourceVersionDate "2019.10.17"]
[SourceQuality "1"]
[WhiteTeam "Rothenburg"]
[BlackTeam "Nuernberg SK 1911 II"]
[WhiteTeamCountry "GER"]
[BlackTeamCountry "GER"]

1. e4 d5 2. exd5 Qxd5 3. Nc3 Qa5 4. d4 c6 5. Bc4 Nf6 6. Nge2 Bf5 7. 0-0 e6 8. Ng3 Bg6 9. Qe1 Be7 10. f4 Qd8 11. Be3 Ng4 12. f5 exf5 13. Nxf5 0-0 14. Nxe7+ Qxe7 15. Bf4 Qd7 16. Qd2 b5 17. Bb3 Na6 18. Rae1 Rad8 19. Ne2 Nc5 20. Qb4 Nb7 21. a4 a5 22. Qc3 b4 23. Qg3 Nf6 24. Be5 Nd5 25. Nf4 Nxf4 26. Qxf4 Kh8 27. d5 cxd5 28. Rd1 Qe6 29. Rfe1 Qc6 30. Rd2 f6 31. Bd4 Nc5 32. Bxc5 Qxc5+ 33. Qd4 Rc8 34. Rc1 Be4 35. Rcd1 Qxd4+ 36. Rxd4 Bxc2 37. Bxc2 Rxc2 38. Rxd5 Rxb2 39. Rxa5 Kg8 40. Rb5 Rc8 41. Rb7 b3 42. h3 Kh8 43. Rdd7 Rg8 44. a5 Ra2 45. Rxb3 Rxa5 46. Rbb7 h5 47. h4 Kh7 48. Kh2 Ra4 49. g3 Rg4 50. Rb5 Kh6 51. Rf5 Re8 52. Rf3 Re2+ 53. Kh3 Rc4 54. Rd1 Rcc2 55. Rh1 Kg6 56. Ra3 Kh7 57. Rf3 g5 58. g4 hxg4+ 59. Kxg4 Re4+ 60. Kg3 gxh4+ 61. Rxh4+ Rxh4 62. Kxh4 Kg6 63. Kg4 Rc5 64. Ra3 Rc4+ 65. Kf3 Kg5 66. Ra8 Rc3+ 67. Kf2 Kg4 68. Ra4+ Kg5 69. Ra8 f5 70. Ra7 Kg4 71. Re7 Rc2+ 72. Kg1 Kf3 73. Re1 f4 74. Ra1 Kg3 75. Kh1 f3 76. Kg1 Rg2+ 77. Kf1 Rh2 0-1

[Event "Cologne Ford op 17th"]
[Site "Cologne"]
[Date "2011.05.30"]
[Round "7"]
[White "Winter, Gerhard"]
[Black "Aquilino, Pasquale"]
[Result "1-0"]
[WhiteElo "1756"]
[BlackElo "1418"]
[PlyCount "59"]
[EventDate "2011.04.12"]
[EventType "swiss"]
[EventRounds "7"]
[EventCountry "GER"]
[SourceTitle "EXT 2012"]
[Source "ChessBase"]
[SourceDate "2011.11.24"]
[SourceVersion "1"]
[SourceVersionDate "2011.11.24"]
[SourceQuality "1"]

1. d4 d5 2. c4 Nf6 3. Nc3 e6 4. Nf3 Nbd7 5. e3 Be7 6. Bd3 dxc4 7. Bxc4 0-0 8. 0-0 c6 9. a4 Re8 10. Qc2 Qc7 11. Rd1 b6 12. b3 Bb7 13. Bb2 Rac8 14. Rac1 Qb8 15. e4 Nf8 16. Qe2 Ng6 17. g3 Bf8 18. e5 Nd5 19. h4 h6 20. Bd3 Nge7 21. Ne4 Ng6 22. h5 Nh8 23. Nc3 f5 24. exf6 Nxf6 25. Ne5 Rc7 26. Ne4 Qd8 27. g4 c5 28. dxc5 Nxe4 29. Bxe4 Bxe4 30. Rxd8 1-0

[Event "Cologne Ford op 17th"]
[Site "Cologne"]
[Date "2011.05.23"]
[Round "6"]
[White "Rikowski, Artur"]
[Black "Winter, Gerhard"]
[Result "1/2-1/2"]
[WhiteElo "1500"]
[BlackElo "1756"]
[PlyCount "114"]
[EventDate "2011.04.12"]
[EventType "swiss"]
[EventRounds "7"]
[EventCountry "GER"]
[SourceTitle "EXT 2012"]
[Source "ChessBase"]
[SourceDate "2011.11.24"]
[SourceVersion "1"]
[SourceVersionDate "2011.11.24"]
[SourceQuality "1"]

1. e4 c5 2. Nf3 d6 3. Bc4 e6 4. d4 cxd4 5. Nxd4 Nf6 6. Nc3 a6 7. a3 Qc7 8. Bd3 Be7 9. 0-0 e5 10. Nde2 0-0 11. f4 Qc5+ 12. Kh1 Ng4 13. Qe1 Be6 14. h3 Nf6 15. Ng3 Nbd7 16. Qe2 b5 17. Be3 Qc6 18. Nh5 Bc4 19. Nxf6+ Nxf6 20. fxe5 dxe5 21. Bg5 Rad8 22. Bxf6 Bxf6 23. Bxc4 Qxc4 24. Qg4 Rd6 25. Nd5 Bd8 26. c3 Rg6 27. Qf3 Qc8 28. Rad1 Qe6 29. Ne3 Rf6 30. Qg3 Rxf1+ 31. Rxf1 g6 32. h4 h5 33. Rf3 Kh7 34. Qf2 Qe7 35. g3 Qe6 36. Kg2 Bb6 37. Qe2 Bxe3 38. Qxe3 Rd8 39. Rf2 Kg7 40. Rd2 Rd6 41. Qe2 Qg4 42. Kf2 Rxd2 43. Qxd2 Qxe4 44. Qe3 Qxe3+ 45. Kxe3 f5 46. b3 Kf6 47. Kd3 Ke6 48. c4 bxc4+ 49. Kxc4 Kd6 50. b4 Kc6 51. a4 f4 52. b5+ axb5+ 53. axb5+ Kb6 54. gxf4 exf4 55. Kd3 Kxb5 56. Ke4 f3 57. Kxf3 Kc5 1/2-1/2

[Event "Cologne Ford op 17th"]
[Site "Cologne"]
[Date "2011.04.18"]
[Round "2"]
[White "Ivic, Roman Eric"]
[Black "Winter, Gerhard"]
[Result "1-0"]
[WhiteElo "2025"]
[BlackElo "1756"]
[PlyCount "99"]
[EventDate "2011.04.12"]
[EventType "swiss"]
[EventRounds "7"]
[EventCountry "GER"]
[SourceTitle "EXT 2012"]
[Source "ChessBase"]
[SourceDate "2011.11.24"]
[SourceVersion "1"]
[SourceVersionDate "2011.11.24"]
[SourceQuality "1"]

1. e4 c5 2. Nf3 d6 3. Bb5+ Bd7 4. Bxd7+ Qxd7 5. 0-0 Nc6 6. b3 Nf6 7. d3 g6 8. Bb2 Bg7 9. Nc3 e5 10. h3 a6 11. a4 0-0 12. Qd2 Rac8 13. Kh2 Qc7 14. g3 Nd4 15. Ng1 b5 16. axb5 axb5 17. Kg2 b4 18. Nce2 Nb5 19. f4 Bh6 20. Nf3 Nd7 21. c4 bxc3 22. Nxc3 Nxc3 23. Qxc3 Bg7 24. Ra6 Ra8 25. Rfa1 Rxa6 26. Rxa6 Nb8 27. Ra4 Nc6 28. b4 cxb4 29. Rxb4 Qa5 30. Rc4 Qxc3 31. Bxc3 Na7 32. fxe5 Nb5 33. Bb4 Rd8 34. exd6 Nxd6 35. Bxd6 Rxd6 36. Rc8+ Bf8 37. d4 Kg7 38. d5 Ra6 39. Kf2 Ra3 40. e5 Bb4 41. Ke2 h6 42. d6 Ra7 43. Rc7 Ra8 44. Nd4 Re8 45. Kd3 Rxe5 46. d7 Be7 47. Nc6 Rd5+ 48. Ke4 Rd6 49. Nxe7 Kf6 50. Rc6 1-0